[Event "Las Tunas Guerrero Memorial-C"]
[Site "Las Tunas"]
[Date "2020.02.18"]
[Round "4.2"]
[White "Gomez Segura, Adalberto"]
[Black "Garcell Roque, Jorge"]
[Result "1/2-1/2"]
[WhiteElo "2177"]
[BlackElo "2111"]
[PlyCount "50"]
[EventDate "2020.02.16"]
[EventType "tourn"]
[EventRounds "10"]
[EventCountry "CUB"]
[SourceTitle "EXT 2023"]
[Source "ChessBase"]
[SourceDate "2022.10.05"]
[SourceVersion "1"]
[SourceVersionDate "2022.10.05"]
[SourceQuality "1"]

1. d4 Nf6 2. c4 g6 3. Nc3 Bg7 4. e4 d6 5. f3 0-0 6. Be3 c6 7. Qd2 a6 8. a4 Qa5 9. Ra3 Nbd7 10. Nge2 e5 11. Nc1 exd4 12. Bxd4 d5 13. cxd5 cxd5 14. exd5 Re8+ 15. Be2 Ne5 16. 0-0 Nxd5 17. Nb3 Qd8 18. Rd1 Nxc3 19. Qxc3 Qh4 20. g3 Qh6 21. Rd2 Bh3 22. f4 Rac8 23. Nc5 Nc4 24. Bxg7 Qxg7 25. Qxg7+ Kxg7 1/2-1/2

[Event "Ciego de Avila Province-ch final"]
[Site "Ciego de Avila"]
[Date "2018.10.17"]
[Round "4"]
[White "Garcell Roque, Jorge"]
[Black "Aragon Placencia, Jesus"]
[Result "1-0"]
[WhiteElo "2029"]
[BlackElo "2066"]
[PlyCount "71"]
[EventDate "2018.10.15"]
[EventType "tourn"]
[EventRounds "10"]
[EventCountry "CUB"]
[SourceTitle "EXT 2021"]
[Source "ChessBase"]
[SourceDate "2020.10.23"]
[SourceVersion "1"]
[SourceVersionDate "2020.10.23"]
[SourceQuality "1"]

1. e4 c5 2. Nf3 d6 3. d4 cxd4 4. Nxd4 Nf6 5. Nc3 g6 6. Be3 Bg7 7. f3 Nc6 8. Qd2 0-0 9. 0-0-0 Nxd4 10. Bxd4 Be6 11. Kb1 Rc8 12. g4 a6 13. h4 Re8 14. h5 Qa5 15. a3 g5 16. h6 Bh8 17. e5 dxe5 18. Qxg5+ Kf8 19. Qxe5 Qxe5 20. Bxe5 Kg8 21. g5 Nd7 22. Bxh8 Kxh8 23. Bh3 Bxh3 24. Rxh3 Nf8 25. Ne4 b5 26. Rh2 Ne6 27. Rhd2 Rg8 28. Rd7 Rce8 29. R1d5 Rg6 30. Rf5 Kg8 31. Kc1 Nf8 32. Ra7 Rc6 33. Rc5 Re6 34. Rac7 f6 35. gxf6 exf6 36. Rf5 1-0

[Event "Ciego de Avila Province-ch final"]
[Site "Ciego de Avila"]
[Date "2018.10.16"]
[Round "2"]
[White "Garcell Roque, Jorge"]
[Black "Cardenas Nunez, Yusley"]
[Result "1-0"]
[WhiteElo "2029"]
[BlackElo "2043"]
[PlyCount "119"]
[EventDate "2018.10.15"]
[EventType "tourn"]
[EventRounds "10"]
[EventCountry "CUB"]
[SourceTitle "EXT 2021"]
[Source "ChessBase"]
[SourceDate "2020.10.23"]
[SourceVersion "1"]
[SourceVersionDate "2020.10.23"]
[SourceQuality "1"]

1. Nf3 Nf6 2. c4 c5 3. Nc3 e6 4. d4 cxd4 5. Nxd4 Nc6 6. Ndb5 Bb4 7. a3 Bxc3+ 8. Nxc3 d5 9. Bg5 dxc4 10. Qxd8+ Kxd8 11. e4 Ne5 12. 0-0-0+ Bd7 13. f4 Neg4 14. Bxc4 Kc7 15. e5 Ne8 16. Rhe1 Nxh2 17. f5 Ng4 18. Rd4 h5 19. Red1 Bc6 20. fxe6 f6 21. exf6 Nexf6 22. Bf4+ Kb6 23. Bf1 a6 24. Rb4+ Ka7 25. Bc7 Rac8 26. Bb6+ Ka8 27. Kb1 Rhe8 28. Re1 Nd5 29. Nxd5 Bxd5 30. e7 Nf6 31. Bd8 Rc6 32. g3 Re6 33. Rc1 Rc6 34. Bd3 Kb8 35. Rxc6 Bxc6 36. Rd4 Kc8 37. Bf5+ Bd7 38. Bg6 Rh8 39. Bb6 Ne8 40. Rd5 Nf6 41. Re5 Be8 42. Bf5+ Bd7 43. Rc5+ Kb8 44. Bc7+ Ka7 45. Bxd7 Nxd7 46. Rxh5 Re8 47. Bd8 Nf6 48. Rg5 Kb8 49. Rxg7 Kc8 50. Rf7 Ne4 51. g4 Kd7 52. Rf4 Ng5 53. Rf5 Ne6 54. Rd5+ Kc6 55. Rd2 Rg8 56. Ba5 Re8 57. Bb4 Nc5 58. Rc2 b6 59. Bxc5 bxc5 60. Re2 1-0

[Event "Ciego de Avila"]
[Site "Ciego de Avila"]
[Date "2010.10.28"]
[Round "14"]
[White "Garcell Roque, Jorge"]
[Black "Ulloa Grez, Luis Antonio"]
[Result "0-1"]
[WhiteElo "2051"]
[BlackElo "2063"]
[PlyCount "51"]
[EventDate "2010.10.15"]
[EventType "tourn"]
[EventRounds "14"]
[EventCountry "CUB"]
[SourceTitle "EXT 2013"]
[Source "ChessBase"]
[SourceDate "2012.11.22"]
[SourceVersion "1"]
[SourceVersionDate "2012.11.22"]
[SourceQuality "1"]

1. d4 Nf6 2. c4 e6 3. g3 d5 4. Bg2 c6 5. Nf3 Bd6 6. 0-0 Nbd7 7. b3 0-0 8. Bb2 Ne4 9. Nbd2 f5 10. Ne5 Nxe5 11. dxe5 Bc5 12. Bxe4 fxe4 13. e3 Bd7 14. a3 Be8 15. Bd4 Bxd4 16. exd4 Qg5 17. Qe2 Bh5 18. Qe3 Qf5 19. Ra2 Bf3 20. Nxf3 exf3 21. Kh1 Qh5 22. Qd3 Rf5 23. Rc1 Raf8 24. Kg1 Rg5 25. Kf1 Qxh2 26. Ke1 0-1

[Event "Ciego de Avila"]
[Site "Ciego de Avila"]
[Date "2010.10.20"]
[Round "6"]
[White "Garcell Roque, Jorge"]
[Black "Sanchez Alvarez, Roberto Carlos"]
[Result "0-1"]
[WhiteElo "2051"]
[BlackElo "2359"]
[PlyCount "66"]
[EventDate "2010.10.15"]
[EventType "tourn"]
[EventRounds "14"]
[EventCountry "CUB"]
[SourceTitle "EXT 2013"]
[Source "ChessBase"]
[SourceDate "2012.11.22"]
[SourceVersion "1"]
[SourceVersionDate "2012.11.22"]
[SourceQuality "1"]

1. Nf3 c5 2. b3 d6 3. Bb2 e5 4. e4 Nc6 5. Be2 g6 6. 0-0 Bg7 7. c3 Nge7 8. d4 exd4 9. cxd4 Bg4 10. Nbd2 cxd4 11. h3 Be6 12. Nc4 d5 13. Nxd4 Nxd4 14. Bxd4 0-0 15. Bxg7 Kxg7 16. exd5 Nxd5 17. Qd4+ Qf6 18. Qxf6+ Kxf6 19. Bf3 Rfd8 20. Rfe1 Rac8 21. Rad1 b5 22. Ne3 Nxe3 23. Rxd8 Rxd8 24. Rxe3 Rd2 25. Re2 Rxe2 26. Bxe2 b4 27. Bd3 Ke5 28. Kf1 Kd4 29. Ke2 Kc3 30. Ke3 Kb2 31. Kd4 Kxa2 32. Bc4 Bxc4 33. Kxc4 a5 0-1

[Event "Ciego de Avila"]
[Site "Ciego de Avila"]
[Date "2010.10.19"]
[Round "5"]
[White "Hernandez Noa, Rodney"]
[Black "Garcell Roque, Jorge"]
[Result "1-0"]
[WhiteElo "2188"]
[BlackElo "2051"]
[PlyCount "105"]
[EventDate "2010.10.15"]
[EventType "tourn"]
[EventRounds "14"]
[EventCountry "CUB"]
[SourceTitle "EXT 2013"]
[Source "ChessBase"]
[SourceDate "2012.11.22"]
[SourceVersion "1"]
[SourceVersionDate "2012.11.22"]
[SourceQuality "1"]

1. d4 Nf6 2. c4 g6 3. Nc3 Bg7 4. e4 d6 5. f3 0-0 6. Be3 Nc6 7. Nge2 Rb8 8. Qd2 a6 9. Nc1 e5 10. d5 Nd4 11. N1e2 Nxe2 12. Bxe2 Bd7 13. b4 Nh5 14. 0-0 f5 15. a4 f4 16. Bf2 g5 17. a5 Rf6 18. b5 Rg6 19. Kh1 g4 20. fxg4 Bxg4 21. Bxg4 Rxg4 22. Qd3 Qg5 23. Qf3 Rf8 24. Qh3 Rf6 25. bxa6 bxa6 26. Ne2 Rh6 27. Qf3 Rg6 28. Rg1 Rg3 29. Bxg3 fxg3 30. h3 Rf6 31. Qd3 Rf2 32. Raf1 Qf6 33. Rxf2 Qxf2 34. Qf3 Nf4 35. Nxf4 Qxf3 36. gxf3 exf4 37. Rb1 Bc3 38. Rb8+ Kf7 39. Ra8 Bxa5 40. Rxa6 Bb6 41. Ra8 Bd4 42. Rc8 Bb6 43. Kg2 h5 44. Rh8 Kg6 45. Rg8+ Kh7 46. Rf8 Be3 47. Rf7+ Kg6 48. Rxc7 Bc5 49. e5 Kf5 50. e6 Kf6 51. Rf7+ Kg6 52. Rf8 Kg7 53. e7 1-0

[Event "Ciego de Avila"]
[Site "Ciego de Avila"]
[Date "2010.10.15"]
[Round "1"]
[White "Garcell Roque, Jorge"]
[Black "Espinosa Reyes, Rene"]
[Result "0-1"]
[WhiteElo "2051"]
[BlackElo "2107"]
[PlyCount "82"]
[EventDate "2010.10.15"]
[EventType "tourn"]
[EventRounds "14"]
[EventCountry "CUB"]
[SourceTitle "EXT 2013"]
[Source "ChessBase"]
[SourceDate "2012.11.22"]
[SourceVersion "1"]
[SourceVersionDate "2012.11.22"]
[SourceQuality "1"]

1. d4 e6 2. c4 b6 3. e4 d5 4. exd5 exd5 5. Nc3 Nf6 6. Nf3 Be7 7. Bg5 Bb7 8. Bd3 Ne4 9. Be3 0-0 10. cxd5 Nf6 11. 0-0 Nxd5 12. Rc1 Nd7 13. Qd2 Nxc3 14. bxc3 Bxf3 15. gxf3 Bd6 16. f4 Nf6 17. Qe2 Qd7 18. Qf3 Qg4+ 19. Qg3 Rfe8 20. Rce1 Qh5 21. Bd2 Qd5 22. Re5 Bxe5 23. fxe5 Ne4 24. Qg2 f5 25. exf6 Nxf6 26. Qh3 Qxa2 27. Bg5 Qf7 28. Kh1 Qd5+ 29. Qg2 Qxg2+ 30. Kxg2 Ne4 31. Bf4 Nxc3 32. Bxc7 Rac8 33. Be5 Nd5 34. Rg1 Rxe5 35. dxe5 Nf4+ 36. Kf3 Nxd3 37. Ke4 Nxf2+ 38. Kd5 Nd3 39. e6 Nf4+ 40. Ke5 Ng6+ 41. Kd6 Rd8+ 0-1

[Event "Ciego de Avila Province-ch final"]
[Site "Ciego de Avila"]
[Date "2009.10.21"]
[Round "7"]
[White "Aragon Placencia, Jesus"]
[Black "Garcell Roque, Jorge"]
[Result "0-1"]
[WhiteElo "2073"]
[BlackElo "2025"]
[PlyCount "72"]
[EventDate "2009.10.15"]
[EventType "tourn"]
[EventRounds "10"]
[EventCountry "CUB"]
[SourceTitle "EXT 2019"]
[Source "ChessBase"]
[SourceDate "2018.10.10"]
[SourceVersion "1"]
[SourceVersionDate "2018.10.10"]
[SourceQuality "1"]

1. e4 c6 2. d4 d5 3. Nc3 dxe4 4. Nxe4 Nd7 5. Nf3 Ngf6 6. Ng3 Qc7 7. Bd3 e6 8. 0-0 Bd6 9. Re1 0-0 10. b3 Re8 11. Bb2 b6 12. Ne5 Bb7 13. Nh5 g6 14. Nxf6+ Nxf6 15. Qf3 Nd5 16. c4 Nb4 17. Ng4 Re7 18. Qf6 Bxh2+ 19. Kf1 Qf4 20. Qxe7 Nxd3 21. Qxb7 Rb8 22. Qe7 Qxg4 23. Re2 Nxb2 24. Rxb2 Qxd4 25. Rab1 Qd3+ 26. Ke1 Be5 27. Rd1 Bc3+ 28. Rbd2 Rd8 29. Qg5 Bxd2+ 30. Rxd2 Qxd2+ 31. Qxd2 Rxd2 32. Kxd2 Kg7 33. Ke3 Kf6 34. Ke4 e5 35. b4 Ke6 36. a4 f5+ 0-1

[Event "Ciego de Avila Province-ch final"]
[Site "Ciego de Avila"]
[Date "2009.10.19"]
[Round "5"]
[White "Castellanos Sanchez, Carlos Manuel"]
[Black "Garcell Roque, Jorge"]
[Result "1-0"]
[WhiteElo "2293"]
[BlackElo "2025"]
[PlyCount "51"]
[EventDate "2009.10.15"]
[EventType "tourn"]
[EventRounds "10"]
[EventCountry "CUB"]
[SourceTitle "EXT 2019"]
[Source "ChessBase"]
[SourceDate "2018.10.10"]
[SourceVersion "1"]
[SourceVersionDate "2018.10.10"]
[SourceQuality "1"]

1. e4 d6 2. d4 Nf6 3. Nc3 g6 4. h3 Bg7 5. Be3 0-0 6. Qd2 c6 7. Bh6 b5 8. Bxg7 Kxg7 9. Bd3 Nbd7 10. Nf3 e5 11. 0-0 Re8 12. Rfe1 Nh5 13. a4 b4 14. Ne2 Qf6 15. dxe5 dxe5 16. Qxb4 Nf8 17. Nh2 Ne6 18. Qc3 Ng5 19. h4 Ne6 20. g3 Nd4 21. Nxd4 exd4 22. Qc5 Re5 23. Qxd4 Bh3 24. Qc3 g5 25. hxg5 Qxg5 26. Nf3 1-0

[Event "Ciego de Avila Province-ch final"]
[Site "Ciego de Avila"]
[Date "2009.10.15"]
[Round "1"]
[White "Garcell Roque, Jorge"]
[Black "Hernandez Noa, Rodney"]
[Result "0-1"]
[WhiteElo "2025"]
[BlackElo "2163"]
[PlyCount "70"]
[EventDate "2009.10.15"]
[EventType "tourn"]
[EventRounds "10"]
[EventCountry "CUB"]
[SourceTitle "EXT 2019"]
[Source "ChessBase"]
[SourceDate "2018.10.10"]
[SourceVersion "1"]
[SourceVersionDate "2018.10.10"]
[SourceQuality "1"]

1. Nf3 Nf6 2. c4 e6 3. g3 d5 4. Bg2 dxc4 5. Qa4+ Nbd7 6. Ne5 a6 7. Nxd7 Bxd7 8. Qxc4 Rb8 9. d3 Bd6 10. 0-0 0-0 11. Qc2 Qe7 12. b3 c5 13. Bb2 b5 14. e4 e5 15. Qe2 Ne8 16. Nd2 Nc7 17. f4 f6 18. f5 a5 19. Rf3 Ra8 20. h4 a4 21. bxa4 Rxa4 22. g4 Rfa8 23. a3 c4 24. dxc4 bxc4 25. Nxc4 Bb5 26. Rc1 Bc5+ 27. Kh2 Bd4 28. Bf1 Ne8 29. Qc2 Kh8 30. Qb3 Bxb2 31. Nxb2 Rxa3 32. Bxb5 Rxb3 33. Rxb3 Qa7 34. Nd3 h5 35. g5 Nd6 0-1

[Event "Ciego de Avila Province-ch 1st etapa"]
[Site "Ciego de Avila"]
[Date "2009.09.29"]
[Round "2"]
[White "Ruiz Carballido, David"]
[Black "Garcell Roque, Jorge"]
[Result "1/2-1/2"]
[WhiteElo "2038"]
[BlackElo "2025"]
[PlyCount "27"]
[EventDate "2009.09.21"]
[EventType "tourn"]
[EventRounds "14"]
[EventCountry "CUB"]
[SourceTitle "EXT 2019"]
[Source "ChessBase"]
[SourceDate "2018.10.10"]
[SourceVersion "1"]
[SourceVersionDate "2018.10.10"]
[SourceQuality "1"]

1. d4 Nf6 2. c4 e6 3. Nf3 b6 4. g3 Ba6 5. b3 Bb4+ 6. Bd2 Be7 7. Nc3 Bb7 8. Qc2 d5 9. cxd5 exd5 10. Bg2 0-0 11. 0-0 c5 12. Bf4 Nc6 13. Rfd1 cxd4 14. Nb5 1/2-1/2

[Event "Ciego de Avila Province-ch 1st etapa"]
[Site "Ciego de Avila"]
[Date "2009.09.24"]
[Round "1"]
[White "Garcell Roque, Jorge"]
[Black "Hernandez Noa, Rodney"]
[Result "0-1"]
[WhiteElo "2025"]
[BlackElo "2163"]
[PlyCount "62"]
[EventDate "2009.09.21"]
[EventType "tourn"]
[EventRounds "14"]
[EventCountry "CUB"]
[SourceTitle "EXT 2019"]
[Source "ChessBase"]
[SourceDate "2018.10.10"]
[SourceVersion "1"]
[SourceVersionDate "2018.10.10"]
[SourceQuality "1"]

1. d4 Nf6 2. c4 e6 3. g3 d5 4. Bg2 dxc4 5. Nf3 Nc6 6. Qa4 Bb4+ 7. Bd2 Bd6 8. Qxc4 0-0 9. Nc3 e5 10. d5 Ne7 11. 0-0 Nd7 12. e4 a6 13. a4 h6 14. Ne1 b5 15. Qe2 b4 16. Na2 a5 17. Nc1 f5 18. f4 fxe4 19. Bxe4 exf4 20. Bxf4 Nf6 21. Ng2 Bc5+ 22. Kh1 Nxe4 23. Qxe4 Qxd5 24. Qxd5+ Nxd5 25. Nd3 Bb6 26. Rac1 Bb7 27. Nc5 Bxc5 28. Rxc5 Ne3 29. Rf2 Nxg2 30. Rxg2 g5 31. Be3 Rae8 0-1

[Event "Ciego de Avila Province-ch 1st etapa"]
[Site "Ciego de Avila"]
[Date "2009.09.21"]
[Round "1"]
[White "Aragon Placencia, Jesus"]
[Black "Garcell Roque, Jorge"]
[Result "0-1"]
[WhiteElo "2073"]
[BlackElo "2025"]
[PlyCount "72"]
[EventDate "2009.09.21"]
[EventType "tourn"]
[EventRounds "14"]
[EventCountry "CUB"]
[SourceTitle "EXT 2019"]
[Source "ChessBase"]
[SourceDate "2018.10.10"]
[SourceVersion "1"]
[SourceVersionDate "2018.10.10"]
[SourceQuality "1"]

1. e4 c5 2. Nf3 Qc7 3. Nc3 Nc6 4. g3 Nf6 5. Bg2 a6 6. a4 e6 7. 0-0 Be7 8. d3 0-0 9. Bf4 d6 10. Qd2 e5 11. Bg5 Be6 12. Bxf6 Bxf6 13. Nd5 Bxd5 14. exd5 Ne7 15. c4 g6 16. Rab1 a5 17. Ne1 Bg7 18. Nc2 f5 19. f4 Rae8 20. Na3 b6 21. fxe5 dxe5 22. Nb5 Qd7 23. Rbe1 Nc8 24. b3 Nd6 25. Nxd6 Qxd6 26. Kh1 h5 27. Qe2 Rf7 28. Qf3 Bf8 29. Re2 Qf6 30. Bh3 Bd6 31. Bg2 Qg5 32. Qe3 Qf6 33. Qf3 Kg7 34. Bh3 Rh8 35. Rg2 g5 36. Bxf5 Rhf8 0-1

[Event "Matanzas Batalla de Ideas-B 4th"]
[Site "Matanzas"]
[Date "2007.07.19"]
[Round "9"]
[White "Hernandez Noa, Rodney"]
[Black "Garcell Roque, Jorge"]
[Result "1-0"]
[WhiteElo "2100"]
[BlackElo "1936"]
[PlyCount "93"]
[EventDate "2007.07.15"]
[EventType "tourn"]
[EventRounds "14"]
[EventCountry "CUB"]
[SourceTitle "EXT 2019"]
[Source "ChessBase"]
[SourceDate "2018.10.10"]
[SourceVersion "1"]
[SourceVersionDate "2018.10.10"]
[SourceQuality "1"]

1. d4 Nf6 2. c4 g6 3. Nc3 d5 4. cxd5 Nxd5 5. e4 Nxc3 6. bxc3 Bg7 7. Nf3 c5 8. Rb1 0-0 9. Be2 cxd4 10. cxd4 Qa5+ 11. Bd2 Qxa2 12. 0-0 Qe6 13. Qc2 Qc6 14. Qd3 Qd6 15. Bb4 Qd7 16. d5 Rd8 17. Qa3 e6 18. Rfd1 exd5 19. exd5 b6 20. Re1 Qb7 21. Bc4 Bf5 22. Rbc1 b5 23. Qa5 Nd7 24. Bxb5 Rab8 25. Be7 Re8 26. Bc6 Qb2 27. d6 Rec8 28. Qxa7 Ra8 29. Qxa8 Rxa8 30. Bxa8 Bc3 31. Rf1 Bd3 32. Rfd1 Be2 33. Rb1 Qa3 34. Rdc1 Bd3 35. Rxc3 Qxc3 36. Re1 h6 37. h3 Bb5 38. Kh2 Bd3 39. Kg1 Bb5 40. Kh2 Nc5 41. Re3 Qb2 42. Ne5 Qa2 43. Bf3 h5 44. Kg3 Kg7 45. Bc6 Qa4 46. Bxb5 Qxb5 47. Kh2 1-0